Formule 1 - Ecuries 2026 par logo - Statistiques

Statistiques générales
  • Ce quiz a été pris 241 fois
  • Le résultat moyen est 10 sur 11
Statistiques - réponses
Par images Réponse % Correct
Mercedes
99%
RedBull
99%
Aston Martin
98%
Audi
98%
McLaren
98%
Ferrari
97%
Alpine
96%
Williams
93%
Cadillac
92%
Haas
91%
Visa Cash App RB
76%
Aucun quiz correspondant
Distribution des résultats
% des personnes avec chaque résultat
Percentile par nombre de réponses
Votre historique - résultats
Vous n’avez pas pris ce quiz